Lord jim / (Record no. 129868)

MARC details
000 -LEADER
fixed length control field 00578nam a22002177a 4500
005 - DATE AND TIME OF LATEST TRANSACTION
control field 20170124110103.0
010 ## - LIBRARY OF CONGRESS CONTROL NUMBER
LC control number A-687984
020 ## - INTERNATIONAL STANDARD BOOK NUMBER
Terms of availability 00.00
035 ## - SYSTEM CONTROL NUMBER
System control number A-687984
037 ## - SOURCE OF ACQUISITION
Source of stock number/acquisition Cen Lib/Ret
040 ## - CATALOGING SOURCE
Original cataloging agency DPL
Language of cataloging EN
082 ## - DEWEY DECIMAL CLASSIFICATION NUMBER
Classification number N
Item number CON
100 ## - MAIN ENTRY--PERSONAL NAME
Personal name Conrad, Joseph
9 (RLIN) 27629
245 ## - TITLE STATEMENT
Title Lord jim /
Statement of responsibility, etc by Joseph Conrad
260 ## - PUBLICATION, DISTRIBUTION, ETC. (IMPRINT)
Name of publisher, distributor, etc UBS publishers
Date of publication, distribution, etc 1994
Place of publication, distribution, etc New Delhi
270 ## - ADDRESS
City New Delhi
Address 5, ansari road, dariya ganj
Postal code 110002
300 ## - PHYSICAL DESCRIPTION
Extent xi, 316p.
Dimensions 16cm(Hb)
650 ## - SUBJECT ADDED ENTRY--TOPICAL TERM
Topical term or geographic name as entry element English literature
9 (RLIN) 27630
650 ## - SUBJECT ADDED ENTRY--TOPICAL TERM
Topical term or geographic name as entry element Novels
9 (RLIN) 13976
942 ## - ADDED ENTRY ELEMENTS (KOHA)
Source of classification or shelving scheme Dewey Decimal Classification
Koha item type English Books
Classification part N
Call number suffix CON
Holdings
Withdrawn status Lost status Damaged status Not for loan Home library Current library Date acquired Source of acquisition Cost, normal purchase price Total Checkouts Full call number Barcode Date last seen Copy number Cost, replacement price Price effective from Koha item type
        Central Library Central Library 07/07/2015 Cen Lib/Ret 0.00   N CON A-687984 07/07/2015 1 0.00 07/07/2015 English Books

© Delhi Public Library
Hit Counter
free hit counter